[Event "Copenhagen Challenge"]
[Site "Ballerup"]
[Date "2017.05.12"]
[Round "4"]
[White "Slettebo, Jan"]
[Black "Winkler, Finn Lukas"]
[Result "1-0"]
[WhiteElo "2020"]
[BlackElo "1824"]
[PlyCount "71"]
[EventDate "2017.05.10"]
[EventType "swiss"]
[EventRounds "9"]
[EventCountry "DEN"]
[SourceTitle "CBM 178 Extra"]
[Source "ChessBase"]
[SourceDate "2017.06.22"]
[SourceVersion "1"]
[SourceVersionDate "2017.06.22"]
[SourceQuality "1"]

1. e4 c6 2. d4 d5 3. e5 Bf5 4. Nc3 e6 5. g4 Bg6 6. Nge2 Be7 7. Bg2 Nd7 8. 0-0 Qb6 9. f4 0-0-0 10. Ng3 f5 11. gxf5 Bxf5 12. Nxf5 exf5 13. a3 Nf8 14. b4 Ne6 15. Be3 Nh6 16. h3 Rhf8 17. b5 Nc7 18. bxc6 Qxc6 19. Qd3 a6 20. Nxd5 Nxd5 21. c4 Nxf4 22. Bxf4 Qb6 23. Be3 f4 24. Rab1 Qg6 25. Qxg6 hxg6 26. Bxb7+ Kc7 27. Bf2 Bxa3 28. Bxa6 Rb8 29. d5 Nf5 30. Ba7 Rb2 31. Rxb2 Bxb2 32. Rb1 Ra8 33. d6+ Kd7 34. Rxb2 Rxa7 35. Rb7+ Rxb7 36. Bxb7 1-0

[Event "Copenhagen Challenge"]
[Site "Ballerup"]
[Date "2017.05.12"]
[Round "5"]
[White "Winkler, Finn Lukas"]
[Black "Kvaloy, Aksel Bu"]
[Result "1-0"]
[WhiteElo "1824"]
[BlackElo "1706"]
[PlyCount "129"]
[EventDate "2017.05.10"]
[EventType "swiss"]
[EventRounds "9"]
[EventCountry "DEN"]
[SourceTitle "CBM 178 Extra"]
[Source "ChessBase"]
[SourceDate "2017.06.22"]
[SourceVersion "1"]
[SourceVersionDate "2017.06.22"]
[SourceQuality "1"]

1. e4 c5 2. Nc3 g6 3. Bc4 Bg7 4. d3 Nc6 5. Nge2 e6 6. Be3 d6 7. 0-0 Nge7 8. d4 cxd4 9. Nxd4 0-0 10. Qd2 a6 11. Rad1 d5 12. exd5 exd5 13. Bb3 Be6 14. Nf3 Qc7 15. Bf4 Qb6 16. Rfe1 h6 17. Bxh6 Qc7 18. Bf4 Qb6 19. Na4 Qd8 20. Nc5 Bg4 21. Nxb7 Qb6 22. Nd6 Bxf3 23. gxf3 Nd4 24. Qe3 Nef5 25. Nxf5 gxf5 26. c3 Qg6+ 27. Bg3 Ne6 28. f4 Bh6 29. Kh1 Kh7 30. Bxd5 Rae8 31. Bxe6 Rxe6 32. Qf3 Rxe1+ 33. Rxe1 Rg8 34. c4 Bf8 35. Re5 Bd6 36. Rd5 Re8 37. Qd3 Bxf4 38. Qxf5 Bxg3 39. Qxg6+ fxg6 40. hxg3 Re2 41. b4 Rxa2 42. Ra5 Rb2 43. Rxa6 Rxb4 44. Ra7+ Kh6 45. c5 Rc4 46. Rc7 Rc1+ 47. Kg2 Rc3 48. c6 Rc2 49. Rc8 Rc3 50. c7 Kg7 51. f3 Rc2+ 52. Kf1 Rc1+ 53. Ke2 Rc5 54. Kd3 Rc1 55. g4 g5 56. Ke4 Rc5 57. Kd4 Rc1 58. Ke5 Rc2 59. Kd6 Rd2+ 60. Ke6 Rc2 61. Rd8 Rxc7 62. Rd7+ Rxd7 63. Kxd7 Kf7 64. Kd6 Kf6 65. Kd5 1-0

[Event "Copenhagen Challenge"]
[Site "Ballerup"]
[Date "2017.05.11"]
[Round "2"]
[White "Andersen, Soren Mikkel"]
[Black "Winkler, Finn Lukas"]
[Result "1-0"]
[WhiteElo "2111"]
[BlackElo "1824"]
[PlyCount "93"]
[EventDate "2017.05.10"]
[EventType "swiss"]
[EventRounds "9"]
[EventCountry "DEN"]
[SourceTitle "CBM 178 Extra"]
[Source "ChessBase"]
[SourceDate "2017.06.22"]
[SourceVersion "1"]
[SourceVersionDate "2017.06.22"]
[SourceQuality "1"]

1. d4 d5 2. c4 c6 3. Nf3 Nf6 4. Nc3 g6 5. cxd5 Nxd5 6. e4 Nxc3 7. bxc3 Bg7 8. Bc4 0-0 9. 0-0 Nd7 10. a4 Qc7 11. Ba3 Nf6 12. Re1 Bg4 13. h3 Bxf3 14. Qxf3 Rfe8 15. e5 Nd5 16. Bb3 Rad8 17. a5 Qd7 18. Bc5 a6 19. Rab1 e6 20. Bxd5 cxd5 21. Rb3 Qc8 22. Reb1 Rd7 23. c4 Bf8 24. Bxf8 Kxf8 25. cxd5 exd5 26. Rc3 Qd8 27. Rc5 Re6 28. Rbc1 Kg7 29. Qb3 g5 30. Qa4 f6 31. exf6+ Rxf6 32. Qb3 Rf5 33. Qg3 Rff7 34. Re1 Rf5 35. Re6 h6 36. Qd3 Qf8 37. g4 Rf6 38. Qe3 Qf7 39. Re8 Rc6 40. Qe5+ Qf6 41. Rxd5 Rf7 42. Qe3 Qf4 43. Qxf4 Rxf4 44. Re7+ Kf6 45. Rxb7 Rc1+ 46. Kg2 Rc2 47. Rd6# 1-0